| 000 | 00650nam a2200241Ia 4500 | ||
|---|---|---|---|
| 003 | OSt | ||
| 005 | 20220926041548.0 | ||
| 006 | a|||||r|||| 00| 0 | ||
| 007 | ta | ||
| 008 | 220923b |||||||| |||| 00| 0 eng d | ||
| 037 | _cGeneral Book | ||
| 040 |
_aRTL _cRTL _beng |
||
| 041 |
_2eng _aeng |
||
| 082 | _aX9J372, H8.1-2 | ||
| 100 |
_aBatchelor Leon Dexter _9345034 |
||
| 245 | 0 | _aCitrus industry. 2 V | |
| 260 | _c1948 | ||
| 490 | _vV1 | ||
| 650 | _aFruits | ||
| 700 |
_a Webber Harbert John Ed. _9345035 |
||
| 942 |
_hX9J372, H8.1-2 _cGB _2CC |
||
| 999 |
_c667507 _d667507 |
||